[Event "Regionalliga Sued-West 1819"]
[Site "Bayern"]
[Date "2019.04.07"]
[Round "9.3"]
[White "Cuadrado, Guillermo"]
[Black "Heinrich, Lorenz"]
[Result "1/2-1/2"]
[WhiteElo "2065"]
[BlackElo "1952"]
[PlyCount "138"]
[EventDate "2018.10.21"]
[EventType "team-tourn"]
[EventRounds "9"]
[EventCountry "GER"]
[SourceTitle "EXT 2022"]
[Source "ChessBase"]
[SourceDate "2021.10.06"]
[SourceVersion "1"]
[SourceVersionDate "2021.10.06"]
[SourceQuality "1"]
[WhiteTeam "Altstadt Roter Turm"]
[BlackTeam "Klosterlechfeld"]
[WhiteTeamCountry "GER"]
[BlackTeamCountry "GER"]

1. d4 d6 2. Nf3 f5 3. g3 g6 4. Bg2 Nf6 5. 0-0 Bg7 6. b3 0-0 7. Bb2 c6 8. c4 Na6 9. Nbd2 h6 10. Qc2 g5 11. Rfe1 Nc7 12. Rad1 g4 13. Nh4 Nh5 14. e4 e6 15. d5 Bxb2 16. Qxb2 cxd5 17. exf5 e5 18. cxd5 Nf4 19. gxf4 Qxh4 20. fxe5 Rxf5 21. Nf1 Bd7 22. Ng3 Rxe5 23. Rxe5 dxe5 24. Qxe5 Ne8 25. d6 Nf6 26. Nf5 Qg5 27. Ne7+ Kf7 28. Qxg5 hxg5 29. Bxb7 Rb8 30. Ba6 Ne4 31. Bc4+ Kf6 32. Bd5 Nc3 33. Rd2 Rb6 34. Bc4 Rb8 35. Nd5+ Nxd5 36. Rxd5 Re8 37. Rd1 Re4 38. a4 Ke5 39. Bb5 Ke6 40. Bxd7+ Kxd7 41. Kg2 Rb4 42. Rd3 Rf4 43. Rd5 Rb4 44. Rxg5 Kxd6 45. Ra5 Rxb3 46. Rxa7 Ra3 47. a5 Ke6 48. a6 Kf6 49. Ra8 Kg7 50. a7 Kh7 51. Kf1 Ra2 52. Ke1 Kg7 53. Kd1 Kh7 54. Kc1 Kg7 55. Kb1 Ra6 56. Kc2 Kh7 57. Kd3 Ra4 58. Kc3 Ra3+ 59. Kd4 Ra2 60. Ke4 Kg7 61. f4 gxf3 62. Kxf3 Kh7 63. h4 Ra3+ 64. Ke4 Ra4+ 65. Kd5 Ra1 66. h5 Rd1+ 67. Kc4 Rc1+ 68. Kb3 Ra1 69. h6 Ra6 1/2-1/2

[Event "Regionalliga SW 0910"]
[Site "Bayern"]
[Date "2010.02.07"]
[Round "6.3"]
[White "Englert, Jan"]
[Black "Heinrich, Lorenz"]
[Result "1-0"]
[WhiteElo "2073"]
[BlackElo "2017"]
[PlyCount "103"]
[EventDate "2009.10.18"]
[EventType "team-tourn"]
[EventRounds "9"]
[EventCountry "GER"]
[SourceTitle "EXT 2011"]
[Source "ChessBase"]
[SourceDate "2010.11.26"]
[SourceVersion "1"]
[SourceVersionDate "2010.11.26"]
[SourceQuality "1"]
[WhiteTeam "Garching II"]
[BlackTeam "Klosterlechfeld"]
[WhiteTeamCountry "GER"]
[BlackTeamCountry "GER"]

1. d4 d5 2. Nc3 Nf6 3. Bg5 Nbd7 4. Qd3 e6 5. e4 dxe4 6. Nxe4 Be7 7. Nxf6+ Bxf6 8. Bxf6 Qxf6 9. Nf3 0-0 10. Qe3 c5 11. Rd1 b6 12. Bb5 cxd4 13. Qxd4 Qxd4 14. Rxd4 Nb8 15. 0-0 a6 16. Be2 Ra7 17. Ne5 Rc7 18. c3 b5 19. Rfd1 f6 20. Nd3 Nc6 21. Rd6 Kf7 22. Bf3 Na5 23. b4 Nc4 24. Rc6 Rxc6 25. Bxc6 Rd8 26. Ne5+ Ke7 27. Rxd8 Kxd8 28. Nxc4 bxc4 29. f4 Kc7 30. Bf3 Kb6 31. Kf2 a5 32. a3 Kb5 33. Ke3 e5 34. fxe5 fxe5 35. Bd5 Bf5 36. Bf7 Bd3 37. Be8+ Kb6 38. g3 g5 39. Bd7 Kc7 40. Bg4 Kc6 41. Be2 e4 42. Bg4 axb4 43. axb4 Kd5 44. Bf5 h6 45. Bg6 Ke5 46. b5 Kd5 47. b6 Kc6 48. Bxe4+ Kxb6 49. Bxd3 cxd3 50. Kxd3 h5 51. Ke4 h4 52. g4 1-0

[Event "Regionalliga SW 0910"]
[Site "Bayern"]
[Date "2009.12.13"]
[Round "4.3"]
[White "Kunze, Holger"]
[Black "Heinrich, Lorenz"]
[Result "1/2-1/2"]
[WhiteElo "2118"]
[BlackElo "2017"]
[PlyCount "139"]
[EventDate "2009.10.18"]
[EventType "team-tourn"]
[EventRounds "9"]
[EventCountry "GER"]
[SourceTitle "EXT 2011"]
[Source "ChessBase"]
[SourceDate "2010.11.26"]
[SourceVersion "1"]
[SourceVersionDate "2010.11.26"]
[SourceQuality "1"]
[WhiteTeam "Bayern Muenchen III"]
[BlackTeam "Klosterlechfeld"]
[WhiteTeamCountry "GER"]
[BlackTeamCountry "GER"]

1. d4 d5 2. Nf3 Nf6 3. c4 c6 4. Nc3 e6 5. Bg5 Bb4 6. cxd5 exd5 7. Qc2 Nbd7 8. e3 0-0 9. Bd3 h6 10. Bh4 Re8 11. 0-0 Be7 12. Rab1 a5 13. Bg3 Nh5 14. Nxd5 Nxg3 15. Nxe7+ Qxe7 16. hxg3 Nf6 17. Rbc1 Ng4 18. Bf5 Bxf5 19. Qxf5 Nf6 20. Rc5 a4 21. a3 Qc7 22. Qc2 Nd7 23. Rc3 Qa5 24. Rc1 Qh5 25. Nh4 g6 26. Qd1 Qd5 27. Qf3 Re4 28. Rc4 Ne5 29. Qe2 Nxc4 30. Qxc4 Qxc4 31. Rxc4 Ra5 32. Nf3 f5 33. Kf1 g5 34. Rc2 Kg7 35. Ne5 f4 36. gxf4 gxf4 37. f3 Rxe3 38. Nc4 Rd5 39. Nxe3 fxe3 40. Ke2 Rxd4 41. Kxe3 Rd6 42. g4 Rd5 43. Rc4 Ra5 44. Rb4 Re5+ 45. Kf4 Re7 46. Rxa4 Re2 47. Rb4 b5 48. Kf5 Rf2 49. f4 Kf7 50. b3 Rc2 51. a4 Rc5+ 52. Ke4 bxa4 53. Rxa4 Rb5 54. Ra7+ Kf6 55. Ra6 Rb4+ 56. Ke3 Rxb3+ 57. Kd2 Rg3 58. Rxc6+ Kg7 59. Ke2 Rxg4 60. Kf3 h5 61. Ke4 Rg6 62. Rc7+ Kg8 63. Kf5 Ra6 64. Kg5 Kf8 65. f5 Rb6 66. Kxh5 Ra6 67. Kg5 Rb6 68. Ra7 Rc6 69. f6 Rc1 70. Kg6 1/2-1/2

[Event "Regionalliga SW 0809"]
[Site "Bayern"]
[Date "2009.03.15"]
[Round "8.3"]
[White "Heinrich, Lorenz"]
[Black "Bergauz, Avigdor"]
[Result "1/2-1/2"]
[WhiteElo "2042"]
[BlackElo "2037"]
[PlyCount "59"]
[EventDate "2008.10.05"]
[EventType "team-tourn"]
[EventRounds "9"]
[EventCountry "GER"]
[SourceTitle "EXT 2020"]
[Source "ChessBase"]
[SourceDate "2019.10.17"]
[SourceVersion "1"]
[SourceVersionDate "2019.10.17"]
[SourceQuality "1"]
[WhiteTeam "Klosterlechfeld"]
[BlackTeam "Muenchen Suedost"]
[WhiteTeamCountry "GER"]
[BlackTeamCountry "GER"]

1. e4 c6 2. Nc3 d5 3. Nf3 Bg4 4. h3 Bh5 5. g4 Bg6 6. e5 h5 7. g5 e6 8. Ne2 Be4 9. Ned4 c5 10. Bb5+ Nd7 11. d3 Bg6 12. Bxd7+ Qxd7 13. Ne2 h4 14. Nf4 Ne7 15. Nxg6 Nxg6 16. Rg1 0-0-0 17. Rg4 d4 18. Qe2 Qd5 19. Qe4 Be7 20. b3 Rd7 21. a4 Bd8 22. a5 Bc7 23. Bf4 Qxe4+ 24. dxe4 Bb8 25. Ra4 Bc7 26. Ke2 Bd8 27. Rc4 Rc7 28. Kd3 Be7 29. Bh2 Rh5 30. Ra4 1/2-1/2

[Event "Regionalliga SW 0809"]
[Site "Bayern"]
[Date "2009.01.18"]
[Round "5.3"]
[White "Heinrich, Lorenz"]
[Black "Fischer, Manfred"]
[Result "0-1"]
[WhiteElo "2042"]
[BlackElo "2109"]
[PlyCount "90"]
[EventDate "2008.10.05"]
[EventType "team-tourn"]
[EventRounds "9"]
[EventCountry "GER"]
[SourceTitle "EXT 2020"]
[Source "ChessBase"]
[SourceDate "2019.10.17"]
[SourceVersion "1"]
[SourceVersionDate "2019.10.17"]
[SourceQuality "1"]
[WhiteTeam "Klosterlechfeld"]
[BlackTeam "Tuerkheim"]
[WhiteTeamCountry "GER"]
[BlackTeamCountry "GER"]

1. d4 Nf6 2. c4 g6 3. Nc3 d5 4. e3 Bg7 5. Nf3 0-0 6. Be2 dxc4 7. Bxc4 c5 8. d5 Nbd7 9. e4 Nb6 10. Be2 Bg4 11. 0-0 Nfd7 12. a4 e6 13. a5 Nc8 14. Bg5 f6 15. dxe6 Bxe6 16. Bf4 Ne5 17. Bxe5 fxe5 18. Qxd8 Rxd8 19. Ng5 Bf7 20. Nxf7 Kxf7 21. Bc4+ Kf8 22. f4 Ke8 23. Bb5+ Ke7 24. Nd5+ Rxd5 25. exd5 e4 26. a6 b6 27. Rab1 Nd6 28. Bc6 Rf8 29. g4 Nc4 30. Rfe1 Rxf4 31. Rxe4+ Rxe4 32. d6+ Nxd6 33. Bxe4 Nxe4 34. Re1 Bxb2 35. Rxe4+ Kd6 36. Kf2 b5 37. Ke3 c4 38. Re8 Kc5 39. Rb8 Bd4+ 40. Kd2 Kb4 41. Rb7 h5 42. gxh5 gxh5 43. Rh7 Kb3 44. Rxh5 b4 45. Rh3+ Kb2 0-1

[Event "Regionalliga SW 0809"]
[Site "Bayern"]
[Date "2008.12.14"]
[Round "4.3"]
[White "Boehm, Uwe"]
[Black "Heinrich, Lorenz"]
[Result "1-0"]
[WhiteElo "2078"]
[BlackElo "2042"]
[PlyCount "77"]
[EventDate "2008.10.05"]
[EventType "team-tourn"]
[EventRounds "9"]
[EventCountry "GER"]
[SourceTitle "EXT 2020"]
[Source "ChessBase"]
[SourceDate "2019.10.17"]
[SourceVersion "1"]
[SourceVersionDate "2019.10.17"]
[SourceQuality "1"]
[WhiteTeam "Muenchen Siemens"]
[BlackTeam "Klosterlechfeld"]
[WhiteTeamCountry "GER"]
[BlackTeamCountry "GER"]

1. d4 d5 2. Nf3 Nf6 3. Bg5 e6 4. e3 Be7 5. Bd3 Nbd7 6. Nbd2 0-0 7. c3 Re8 8. 0-0 c5 9. Ne5 h6 10. Bf4 a5 11. h3 c4 12. Bc2 Nxe5 13. dxe5 Nd7 14. Qg4 Bg5 15. Bh2 f5 16. Qh5 Kh7 17. Qe2 Nc5 18. f4 Be7 19. g4 g6 20. Nf3 b5 21. Nd4 b4 22. Rf2 Ra6 23. Rg2 Rf8 24. Kh1 Rf7 25. Rag1 Bf8 26. Bg3 Be7 27. Be1 Rb6 28. Rh2 Bh4 29. Bxh4 Qxh4 30. Nf3 Qd8 31. h4 Nd3 32. h5 Rg7 33. g5 gxh5 34. Rxh5 Qe8 35. Rxh6+ Kg8 36. Qh2 Qc6 37. Nd4 Qb7 38. Rh8+ Kf7 39. Qh5+ 1-0

[Event "Regionalliga SW 0708"]
[Site "Bayern"]
[Date "2008.03.09"]
[Round "7.5"]
[White "Heinrich, Lorenz"]
[Black "Joerg, Harald"]
[Result "1-0"]
[WhiteElo "1975"]
[BlackElo "2178"]
[PlyCount "91"]
[EventDate "2007.10.21"]
[EventType "team-tourn"]
[EventRounds "9"]
[EventCountry "GER"]
[SourceTitle "EXT 2009"]
[Source "ChessBase"]
[SourceDate "2008.11.26"]
[SourceVersion "1"]
[SourceVersionDate "2008.11.26"]
[SourceQuality "1"]
[WhiteTeam "Klosterlechfeld"]
[BlackTeam "Muenchen Siemens"]
[WhiteTeamCountry "GER"]
[BlackTeamCountry "GER"]

1. d4 Nf6 2. c4 e6 3. Nc3 d5 4. Bg5 Be7 5. e3 0-0 6. Nf3 h6 7. Bh4 Ne4 8. Bxe7 Qxe7 9. cxd5 Nxc3 10. bxc3 exd5 11. Qb3 Rd8 12. Bd3 c5 13. dxc5 Nd7 14. 0-0 Nxc5 15. Qc2 Be6 16. Nd4 Rac8 17. Rab1 Bd7 18. Rfc1 Ba4 19. Qe2 Nxd3 20. Qxd3 Rc4 21. h3 b6 22. Rb4 Qxb4 23. cxb4 Rxc1+ 24. Kh2 Bd7 25. Qa3 Rc7 26. b5 Be6 27. Nc6 Re8 28. Qd6 Rd7 29. Qb4 Rc7 30. a4 a5 31. Qd4 Rb7 32. Qe5 f6 33. Qd6 Rd7 34. Qf4 Bf7 35. f3 Be6 36. Qd4 Rb7 37. g4 Bf7 38. Kg3 Be6 39. h4 Rf8 40. Qf4 g5 41. Qd6 Re8 42. Nd4 Kf7 43. h5 Bc8 44. Qxd5+ Kg7 45. Nf5+ Kh7 46. Nd6 1-0

[Event "Regionalliga SW 0708"]
[Site "Bayern"]
[Date "2008.01.20"]
[Round "5.6"]
[White "Heinrich, Lorenz"]
[Black "Hoefelsauer, Thomas"]
[Result "0-1"]
[WhiteElo "1975"]
[BlackElo "2057"]
[PlyCount "60"]
[EventDate "2007.10.21"]
[EventType "team-tourn"]
[EventRounds "9"]
[EventCountry "GER"]
[SourceTitle "EXT 2009"]
[Source "ChessBase"]
[SourceDate "2008.11.26"]
[SourceVersion "1"]
[SourceVersionDate "2008.11.26"]
[SourceQuality "1"]
[WhiteTeam "Klosterlechfeld"]
[BlackTeam "Muenchen Suedost"]
[WhiteTeamCountry "GER"]
[BlackTeamCountry "GER"]

1. d4 d5 2. Nf3 Nf6 3. e3 e6 4. c4 Be7 5. Nc3 b6 6. cxd5 Nxd5 7. Ne5 Bb7 8. Bb5+ c6 9. Qh5 g6 10. Qf3 f6 11. Ba4 fxe5 12. dxe5 Nxc3 13. bxc3 Qd5 14. Qg3 Nd7 15. f4 Qc4 16. Bb3 Qxc3+ 17. Kf2 Qxa1 18. Ba3 Qxh1 19. Bxe7 Kxe7 20. Qg5+ Kf7 21. f5 gxf5 22. Qh5+ Ke7 23. Qg5+ Ke8 24. Qg7 Rf8 25. Bxe6 Bc8 26. Bb3 f4 27. exf4 Rxf4+ 28. Ke3 Qc1+ 29. Ke2 Ba6+ 30. Bc4 Bxc4# 0-1

[Event "Regionalliga SW 0708"]
[Site "Bayern"]
[Date "2007.12.09"]
[Round "4.5"]
[White "Heinrich, Lorenz"]
[Black "Czap, Bernhard"]
[Result "1-0"]
[WhiteElo "1975"]
[BlackElo "2074"]
[PlyCount "89"]
[EventDate "2007.10.21"]
[EventType "team-tourn"]
[EventRounds "9"]
[EventCountry "GER"]
[SourceTitle "EXT 2009"]
[Source "ChessBase"]
[SourceDate "2008.11.26"]
[SourceVersion "1"]
[SourceVersionDate "2008.11.26"]
[SourceQuality "1"]
[WhiteTeam "Klosterlechfeld"]
[BlackTeam "Unterhaching"]
[WhiteTeamCountry "GER"]
[BlackTeamCountry "GER"]

1. e4 d6 2. f4 g6 3. Nf3 Bg7 4. Nc3 c5 5. g3 Nc6 6. Bg2 e5 7. 0-0 Nge7 8. d3 Nd4 9. Nxd4 cxd4 10. Ne2 0-0 11. c3 dxc3 12. Nxc3 Be6 13. Be3 Qa5 14. Qd2 Rfe8 15. Rf2 Rac8 16. Rc1 b5 17. a3 a6 18. Rff1 Qd8 19. d4 Rc4 20. d5 Bd7 21. Qf2 f5 22. b3 Rd4 23. Bxd4 exd4 24. Ne2 d3 25. Nd4 fxe4 26. Bxe4 Bh3 27. Rfd1 Qa5 28. Rxd3 Qxa3 29. Rcd1 Qb4 30. Bg2 Bxg2 31. Kxg2 Nxd5 32. Nc6 Qe4+ 33. Qf3 Qxf3+ 34. Kxf3 Nc3 35. R1d2 d5 36. Rc2 Ne4 37. Rxd5 Nf6 38. Re5 Kf7 39. Rxe8 Nxe8 40. Re2 Bf6 41. g4 h6 42. Ne5+ Bxe5 43. Rxe5 Nf6 44. Rc5 Nd7 45. Rc7 1-0

[Event "Regionalliga SW 0607"]
[Site "Bayern"]
[Date "2007.03.18"]
[Round "7.6"]
[White "Heinrich, Lorenz"]
[Black "Beckers, Thomas"]
[Result "1-0"]
[WhiteElo "1976"]
[BlackElo "2008"]
[PlyCount "101"]
[EventDate "2006.10.15"]
[EventType "team-tourn"]
[EventRounds "9"]
[EventCountry "GER"]
[SourceTitle "EXT 2008"]
[Source "ChessBase"]
[SourceDate "2007.11.25"]
[SourceVersion "1"]
[SourceVersionDate "2007.11.25"]
[SourceQuality "1"]
[WhiteTeam "Klosterlechfeld"]
[BlackTeam "Zugzwang MSA"]
[WhiteTeamCountry "GER"]
[BlackTeamCountry "GER"]

1. e4 c5 2. Nf3 d6 3. g3 Nf6 4. d3 e6 5. Bg2 Be7 6. 0-0 0-0 7. Nc3 Nc6 8. h4 a6 9. Ne2 Qc7 10. Bg5 d5 11. exd5 Nxd5 12. Bxe7 Ndxe7 13. Qd2 f6 14. Rae1 e5 15. Kh2 Be6 16. Qc3 Qd6 17. Nd2 Nd5 18. Ne4 Nxc3 19. Nxd6 Nxe2 20. Rxe2 Rab8 21. Ne4 Nd4 22. Rd2 b6 23. b3 Rbd8 24. f4 exf4 25. Rxf4 Rfe8 26. c4 Nf5 27. Nc3 Ne3 28. Bc6 Re7 29. Kg1 Rd6 30. Bh1 Red7 31. Re4 Nf5 32. Rf2 Nxg3 33. Rxe6 Rxe6 34. Bd5 Rxd5 35. Nxd5 Ne2+ 36. Kg2 Nd4 37. Kf1 a5 38. Nc3 Kf7 39. Ne4 Ke7 40. h5 Nc6 41. Rg2 Kf7 42. Rf2 Kg8 43. h6 Nb4 44. hxg7 Kxg7 45. Rg2+ Kf7 46. Rh2 Nxd3 47. Rxh7+ Kg6 48. Rd7 Nc1 49. Nc3 Re3 50. Nd5 Rd3 51. Nf4+ 1-0

[Event "Regionalliga SW 0607"]
[Site "Bayern"]
[Date "2007.02.25"]
[Round "6.7"]
[White "Heinrich, Lorenz"]
[Black "Christiansmeier, Sven"]
[Result "0-1"]
[WhiteElo "1976"]
[BlackElo "1955"]
[PlyCount "68"]
[EventDate "2006.10.15"]
[EventType "team-tourn"]
[EventRounds "9"]
[EventCountry "GER"]
[SourceTitle "EXT 2008"]
[Source "ChessBase"]
[SourceDate "2007.11.25"]
[SourceVersion "1"]
[SourceVersionDate "2007.11.25"]
[SourceQuality "1"]
[WhiteTeam "Klosterlechfeld"]
[BlackTeam "Unterhaching"]
[WhiteTeamCountry "GER"]
[BlackTeamCountry "GER"]

1. e4 e5 2. Nc3 Nf6 3. Bc4 Nc6 4. d3 Bb4 5. Nge2 d5 6. exd5 Nxd5 7. 0-0 Be6 8. Nxd5 Bxd5 9. Bxd5 Qxd5 10. Nc3 Qd7 11. Be3 0-0 12. f4 f5 13. fxe5 Nxe5 14. h3 f4 15. Bf2 f3 16. Ne4 fxg2 17. Kxg2 h6 18. Bg3 Rxf1 19. Qxf1 Rf8 20. Qe2 Ng6 21. Rf1 Rxf1 22. Qxf1 Ne7 23. Qf4 Nd5 24. Qf3 c6 25. c4 Ne7 26. a3 Ba5 27. Nc5 Qc8 28. Qe4 Nf5 29. Bf2 Bb6 30. Ne6 g6 31. c5 Bd8 32. Nf4 Kf7 33. Qc4+ Kf6 34. Be1 Ne3+ 0-1

[Event "Regionalliga SW 0506"]
[Site "Bayern"]
[Date "2006.04.02"]
[Round "9.5"]
[White "Heinrich, Lorenz"]
[Black "Rajic, Ivica"]
[Result "1-0"]
[WhiteElo "1976"]
[BlackElo "2062"]
[PlyCount "61"]
[EventDate "2005.10.23"]
[EventType "team-tourn"]
[EventRounds "9"]
[EventCountry "GER"]
[SourceTitle "EXT 2007"]
[Source "ChessBase"]
[SourceDate "2006.11.23"]
[SourceVersion "1"]
[SourceVersionDate "2006.11.23"]
[SourceQuality "1"]

1. e4 c5 2. Nf3 d6 3. d4 cxd4 4. Nxd4 Nf6 5. Nc3 a6 6. Be2 e6 7. 0-0 Be7 8. f4 Qc7 9. Be3 Nc6 10. Kh1 Bd7 11. Nb3 b5 12. a3 h5 13. Bf3 Rc8 14. Qe2 g6 15. Rae1 Qb8 16. Nd5 exd5 17. exd5 0-0 18. dxc6 Bxc6 19. Bxc6 Rxc6 20. Bd4 Bd8 21. c3 d5 22. f5 Ng4 23. g3 Qc8 24. Qf3 Qd7 25. Nc5 Qd6 26. Nb7 Qd7 27. fxg6 Rxg6 28. Nxd8 Rxd8 29. Qf5 Nh6 30. Qxd7 Rxd7 31. Re8+ 1-0

[Event "Regionalliga SW 0506"]
[Site "Bayern"]
[Date "2006.01.29"]
[Round "6.6"]
[White "Heinrich, Lorenz"]
[Black "Broschwitz, Martin"]
[Result "0-1"]
[WhiteElo "1976"]
[BlackElo "2098"]
[PlyCount "92"]
[EventDate "2005.10.23"]
[EventType "team-tourn"]
[EventRounds "9"]
[EventCountry "GER"]
[SourceTitle "EXT 2007"]
[Source "ChessBase"]
[SourceDate "2006.11.23"]
[SourceVersion "1"]
[SourceVersionDate "2006.11.23"]
[SourceQuality "1"]

1. e4 c6 2. Nc3 d5 3. Nf3 dxe4 4. Nxe4 Bg4 5. h3 Bh5 6. Ng3 Bxf3 7. Qxf3 Nf6 8. Qb3 Qc7 9. d4 Nbd7 10. Be2 e6 11. 0-0 Bd6 12. c4 0-0 13. Nh5 Nxh5 14. Bxh5 c5 15. dxc5 Bxc5 16. Bf3 Rab8 17. Be3 Ne5 18. Be2 Bxe3 19. Qxe3 b6 20. Rac1 Rbd8 21. c5 Rd5 22. f4 Ng6 23. c6 Rd6 24. Bf3 Rfd8 25. Be4 Ne7 26. b4 Nd5 27. Qb3 Rxc6 28. Rxc6 Qxc6 29. f5 Qc3 30. Bxd5 Qd4+ 31. Kh1 Qxd5 32. Qxd5 exd5 33. Rd1 Kf8 34. g4 Ke7 35. Kg2 Kd6 36. Kf3 Re8 37. a3 f6 38. Rd3 a6 39. Kf4 Re4+ 40. Kf3 Ke5 41. Rd2 d4 42. Rc2 Re3+ 43. Kf2 Rxh3 44. Rc7 Rxa3 45. Rxg7 Kf4 46. Ke2 Rb3 0-1

[Event "Regionalliga SW 0506"]
[Site "Bayern"]
[Date "2005.12.11"]
[Round "4.6"]
[White "Heinrich, Lorenz"]
[Black "Giss, Helene"]
[Result "1-0"]
[WhiteElo "1976"]
[BlackElo "1969"]
[PlyCount "123"]
[EventDate "2005.10.23"]
[EventType "team-tourn"]
[EventRounds "9"]
[EventCountry "GER"]
[SourceTitle "EXT 2007"]
[Source "ChessBase"]
[SourceDate "2006.11.23"]
[SourceVersion "1"]
[SourceVersionDate "2006.11.23"]
[SourceQuality "1"]

1. d4 e6 2. c4 d5 3. Nc3 Nf6 4. e3 c6 5. Bd3 Bd6 6. Nf3 Nbd7 7. Qc2 0-0 8. 0-0 Re8 9. e4 dxe4 10. Nxe4 Nxe4 11. Bxe4 Nf6 12. Bg5 h6 13. Bh4 Be7 14. Rad1 Nxe4 15. Bxe7 Qxe7 16. Qxe4 Bd7 17. Rfe1 b6 18. Qf4 Qf6 19. Qc7 Qd8 20. Qd6 Qe7 21. Qg3 Qf6 22. Ne5 Red8 23. h4 Rac8 24. Ng4 Qg6 25. h5 Qc2 26. Nxh6+ Kh7 27. Nxf7 Rf8 28. Ng5+ Kh8 29. Rf1 Qxc4 30. Nf3 Qd5 31. Ne5 Be8 32. b3 Rf5 33. h6 gxh6 34. Qh4 Kh7 35. Qe7+ Kg8 36. f4 Bf7 37. Rf3 Qd8 38. Rg3+ Kh7 39. Qxa7 Qc7 40. Qxc7 Rxc7 41. Rf1 Be8 42. Rc3 h5 43. g3 Ra7 44. Rf2 Rc7 45. a4 Kg8 46. Kg2 Kf8 47. Kf3 c5 48. Rfc2 Bc6+ 49. Nxc6 Rxc6 50. b4 Rd6 51. dxc5 bxc5 52. b5 Rd4 53. a5 c4 54. Rxc4 Rxc4 55. Rxc4 Rxb5 56. Ra4 Kg7 57. a6 Rb8 58. a7 Ra8 59. Ke4 Kf6 60. Ra6 Kf7 61. Ke5 Kf8 62. Kxe6 1-0

[Event "Regionalliga SW 0506"]
[Site "Bayern"]
[Date "2005.11.13"]
[Round "2.6"]
[White "Heinrich, Lorenz"]
[Black "Tyomkyn, Mikhail"]
[Result "0-1"]
[WhiteElo "1976"]
[BlackElo "2047"]
[PlyCount "80"]
[EventDate "2005.10.23"]
[EventType "team-tourn"]
[EventRounds "9"]
[EventCountry "GER"]
[SourceTitle "EXT 2007"]
[Source "ChessBase"]
[SourceDate "2006.11.23"]
[SourceVersion "1"]
[SourceVersionDate "2006.11.23"]
[SourceQuality "1"]

1. e4 c5 2. Nf3 d6 3. g3 g6 4. Bg2 Bg7 5. 0-0 Nc6 6. c3 e5 7. d3 Nge7 8. Be3 0-0 9. Na3 b6 10. Qd2 d5 11. Bh6 Be6 12. Bxg7 Kxg7 13. Ng5 Bc8 14. Qc2 h6 15. Nh3 Be6 16. f4 Qd7 17. Nf2 Rad8 18. Rfe1 dxe4 19. dxe4 exf4 20. gxf4 Qd2 21. Qxd2 Rxd2 22. b3 Rfd8 23. Red1 a5 24. e5 Rxd1+ 25. Rxd1 Rxd1+ 26. Nxd1 g5 27. Nb5 gxf4 28. Nf2 Nxe5 29. Nc7 f3 30. Bh3 Bxh3 31. Nxh3 Nd3 32. a4 Kf6 33. Na8 Nc8 34. Kf1 Ke5 35. Nf2 Nxf2 36. Kxf2 Ke4 37. Nc7 Kd3 38. Nd5 c4 39. b4 axb4 40. cxb4 c3 0-1

[Event "Regionalliga SW 0506"]
[Site "Bayern"]
[Date "2005.10.23"]
[Round "1.6"]
[White "Auterhoff, Juergen"]
[Black "Heinrich, Lorenz"]
[Result "0-1"]
[WhiteElo "1684"]
[BlackElo "1976"]
[PlyCount "82"]
[EventDate "2005.10.23"]
[EventType "team-tourn"]
[EventRounds "9"]
[EventCountry "GER"]
[SourceTitle "EXT 2007"]
[Source "ChessBase"]
[SourceDate "2006.11.23"]
[SourceVersion "1"]
[SourceVersionDate "2006.11.23"]
[SourceQuality "1"]

1. e4 c5 2. Nf3 e6 3. d4 cxd4 4. Nxd4 d6 5. Bb5+ Nd7 6. c4 Ngf6 7. Nc3 Be7 8. 0-0 0-0 9. Bxd7 Bxd7 10. b3 a6 11. f4 Qc7 12. Bb2 Rfe8 13. Kh1 Rac8 14. Nf3 Bf8 15. Qe2 Nh5 16. Nd2 g6 17. Rac1 Bh6 18. g3 Bc6 19. Rcd1 f5 20. Kg1 Bg7 21. Na4 b5 22. Bxg7 Qxg7 23. cxb5 axb5 24. Nb6 Qd4+ 25. Qf2 Qxf2+ 26. Rxf2 Rb8 27. Nf1 Red8 28. Rfd2 Rxb6 29. Rxd6 Rxd6 30. Rxd6 fxe4 31. Rxe6 Kf7 32. Re5 Ra6 33. Nd2 Nf6 34. a4 bxa4 35. bxa4 Rxa4 36. Nb3 Ra2 37. Nd4 Ba8 38. Rc5 e3 39. Rc7+ Ke8 40. h3 Ra1+ 41. Kh2 Rh1# 0-1

[Event "Landesliga Sued 0405"]
[Site "Bayern"]
[Date "2005.04.10"]
[Round "9.7"]
[White "Heinrich, Lorenz"]
[Black "Gerstner, Bernhard"]
[Result "1/2-1/2"]
[WhiteElo "2002"]
[BlackElo "2085"]
[PlyCount "83"]
[EventDate "2004.10.24"]
[EventType "team-tourn"]
[EventRounds "9"]
[EventCountry "GER"]
[SourceTitle "EXT 2007"]
[Source "ChessBase"]
[SourceDate "2006.11.23"]
[SourceVersion "1"]
[SourceVersionDate "2006.11.23"]
[SourceQuality "1"]
[WhiteTeam "Klosterlechfeld"]
[BlackTeam "Ingolstadt"]
[WhiteTeamCountry "GER"]
[BlackTeamCountry "GER"]

1. e4 e5 2. Nc3 Nf6 3. Bc4 Nc6 4. d3 Bb4 5. Nge2 d5 6. exd5 Nxd5 7. 0-0 Be6 8. Bd2 0-0 9. Nxd5 Bxd5 10. Bxd5 Qxd5 11. Bxb4 Nxb4 12. Nc3 Qe6 13. Re1 Rad8 14. Qd2 f5 15. Nb5 c5 16. Qe2 Nc6 17. c3 Rd7 18. Na3 Rfd8 19. Red1 Qd5 20. Nc2 e4 21. Ne3 exd3 22. Qf1 Qe4 23. Rd2 Rd6 24. Re1 Qf4 25. g3 Qe4 26. f3 Qe6 27. f4 Qf7 28. c4 Nd4 29. Nd5 Nc2 30. Re7 Qh5 31. Rxd3 Nb4 32. Nxb4 cxb4 33. Rxd6 Rxd6 34. Qe2 Rd1+ 35. Kg2 Qxe2+ 36. Rxe2 Rc1 37. b3 Kf7 38. Kf3 Rc3+ 39. Kf2 Kf6 40. Rd2 Ke6 41. Ke2 h6 42. Rd3 1/2-1/2

[Event "Regionalliga SW 0304"]
[Site "Bayern"]
[Date "2004.04.25"]
[Round "9.7"]
[White "Heinrich, Lorenz"]
[Black "Stoehr, Herbert"]
[Result "1/2-1/2"]
[WhiteElo "1958"]
[BlackElo "1967"]
[PlyCount "59"]
[EventDate "2003.10.??"]
[EventType "team"]
[EventRounds "9"]
[EventCountry "GER"]
[SourceTitle "EXT 2006"]
[Source "ChessBase"]
[SourceDate "2005.11.24"]
[SourceVersion "1"]
[SourceVersionDate "2005.11.24"]
[SourceQuality "1"]
[WhiteTeam "Klosterlechfeld"]
[BlackTeam "Muenchen 77 Nord"]
[WhiteTeamCountry "GER"]
[BlackTeamCountry "GER"]

1. e4 c5 2. Nf3 d6 3. d4 cxd4 4. Nxd4 Nf6 5. Nc3 g6 6. Be2 Bg7 7. 0-0 0-0 8. Be3 Nc6 9. f4 Bd7 10. Nb3 a6 11. Bf3 Qc7 12. Qd2 Be6 13. Nd5 Bxd5 14. exd5 Nd8 15. Rac1 Qc4 16. Bd4 Nd7 17. Bxg7 Kxg7 18. Rfe1 Re8 19. Re4 Qc7 20. Rce1 Kf8 21. f5 Nf6 22. Qh6+ Kg8 23. fxg6 fxg6 24. Rh4 Nf7 25. Qd2 Rac8 26. Nd4 Qc4 27. Kh1 Ne5 28. Qh6 Nf7 29. Qd2 Ne5 30. Qh6 1/2-1/2